[Event "Druzynowe Mistrzostwa Polski Juniorow - I Liga 2023"]
[Site "Lublin"]
[Date "1899-12-30"]
[Round "2.17"]
[White "Bialek, Alicja"]
[Black "Barwinska, Ewa"]
[Result "0-1"]
[WhiteTitle "I"]
[BlackTitle "WCM"]
[WhiteElo "1503"]
[BlackElo "1953"]

1. e4 c5 2. Nf3 d6 3. d4 cxd4 4. Nxd4 Nf6 5. Nc3 a6 6. g3 e5 7. Nde2 b5 8. Bg2
Bb7 9. O-O Be7 10. a4 b4 11. Nd5 Nxd5 12. exd5 a5 13. c3 Na6 14. Be3 O-O 15. c4
Qc7 16. b3 f5 17. f4 e4 18. Nd4 Nc5 19. Rb1 Qd7 20. Bh3 Bc8 21. Nb5 Bf6 22. Nd4
g6 23. Kh1 Qf7 24. Nb5 Qe7 25. Bxc5 dxc5 26. Qd2 Bd7 27. Qe2 Bxb5 28. axb5 a4
29. bxa4 Rxa4 30. Rfd1 Qd6 31. Bf1 Rfa8 32. Rd2 Bd4 33. Rc2 Ra3 34. Kg2 b3 35.
Rd2 e3 36. Rxd4 cxd4 37. Qd3 Ra2+ 38. Kg1 Rd2 39. Qxb3 Ra5 40. c5 Qxc5 41. Qb4
Qxb4 0-1

[Event "Druzynowe Mistrzostwa Polski Juniorow - I Liga 2023"]
[Site "Lublin"]
[Date "1899-12-30"]
[Round "2.18"]
[White "Skorupa, Antonina"]
[Black "Gajda, Anna"]
[Result "1-0"]
[WhiteTitle "I"]
[BlackTitle "I"]
[WhiteElo "1203"]
[BlackElo "1243"]

1. d4 e6 2. c4 b6 3. e4 Bb7 4. Nc3 Bb4 5. Bd3 Ne7 6. Bd2 c5 7. d5 exd5 8. exd5
d6 9. a3 Bxc3 10. Bxc3 Bc8 11. Bxg7 Rg8 12. Bf6 Bg4 13. Qd2 Bh5 14. Bxh7 Rxg2
15. Qh6 Nd7 16. Be4 Rg8 17. Bh4 Bg6 18. Bxg6 Rxg6 19. Qh8+ Nf8 20. O-O-O Rb8 21.
Re1 Rb7 22. Ne2 Rg4 23. b3 Neg6 24. Nf4+ Ne7 25. Nh5 Rg6 26. Nf6+ Rxf6 27. Bxf6
Qc8 28. Re3 Qf5 29. Rhe1 Qh7 30. Rxe7+ Rxe7 31. Rxe7+ Kd8 32. Qxf8# 1-0

[Event "Druzynowe Mistrzostwa Polski Juniorow - I Liga 2023"]
[Site "Lublin"]
[Date "1899-12-30"]
[Round "2.19"]
[White "Wydmanski, Szymon"]
[Black "Kubik, Rafal"]
[Result "1-0"]
[WhiteTitle "I"]
[BlackTitle "I++"]
[WhiteElo "1804"]
[BlackElo "2055"]

1. e4 e5 2. Nf3 Nc6 3. Bc4 Bc5 4. c3 Nf6 5. d3 O-O 6. Nbd2 d5 7. exd5 Nxd5 8. Ne4
Be7 9. O-O Nb6 10. Bb3 Bg4 11. Ng3 Na5 12. Bc2 Qd5 13. b4 Bxf3 14. Qxf3 Qxf3 15.
gxf3 Nc6 16. Re1 a6 17. Nf5 Bf6 18. Re4 Nc8 19. Bb2 Nd6 20. Nxd6 cxd6 21. Bb3
Ne7 22. c4 g5 23. c5 Nc6 24. f4 gxf4 25. Kh1 h5 26. d4 Nxd4 27. Rg1+ Bg7 28. Rxd4
exd4 29. Bxd4 dxc5 30. Rxg7+ Kh8 31. Bf6 Rae8 32. Bc2 1-0

[Event "Druzynowe Mistrzostwa Polski Juniorow - I Liga 2023"]
[Site "Lublin"]
[Date "1899-12-30"]
[Round "2.20"]
[White "Piechota, Kamil"]
[Black "Krupinski, Mikolaj"]
[Result "1/2-1/2"]
[WhiteTitle "I"]
[BlackTitle "I"]
[WhiteElo "1685"]
[BlackElo "1745"]

1. e4 e5 2. Nf3 Nc6 3. Bc4 Nf6 4. d3 Bc5 5. c3 d6 6. Nbd2 a6 7. Bb3 Ba7 8. O-O
h6 9. Re1 g5 10. Nf1 g4 11. N3d2 h5 12. Ne3 h4 13. Ndf1 Rg8 14. Nf5 Bxf5 15. exf5
Qd7 16. Be3 Qxf5 17. Bxa7 Nxa7 18. Ne3 Qg6 19. d4 e4 20. Nd5 Kd7 21. Nxf6+ Qxf6
22. Rxe4 Nc6 23. Qe2 Qg6 24. Re1 Raf8 25. Rf4 Rg7 26. Bc2 f5 27. Rxf5 Re7 28.
Re5 Rxe5 29. dxe5 Qg7 30. exd6 cxd6 31. Qe6+ Kc7 32. Be4 Ne5 33. Rd1 Rd8 34. h3
gxh3 35. Qxh3 Qg5 36. Qf5 Qg7 37. Qh7 Rg8 38. Qxg7+ Rxg7 39. f4 Nc4 40. b3 Ne3
41. Rd3 Ng4 42. Rh3 Nf6 43. Bf3 Rh7 44. c4 b5 45. cxb5 axb5 46. g4 hxg3 47. Rxh7+
Nxh7 48. Kg2 b4 49. Kxg3 Nf6 50. Kf2 Kb6 51. Ke3 Kc5 52. f5 Nd7 53. Kf4 Kd4 54.
Kg5 Ke5 55. Be2 Nf6 56. Kg6 Nd5 57. Bg4 Ne7+ 58. Kg5 Nd5 59. Be2 Nf6 60. Bd3 Ng8
61. Bc2 Nf6 62. Kg6 Ng4 63. Bd3 d5 64. Kf7 Nh6+ 65. Kg6 Ng4 66. Bb1 Nf6 67. Bd3
1/2-1/2

[Event "Druzynowe Mistrzostwa Polski Juniorow - I Liga 2023"]
[Site "Lublin"]
[Date "1899-12-30"]
[Round "2.21"]
[White "Kania, Franciszek"]
[Black "Niesporek, Franciszek"]
[Result "1-0"]
[WhiteTitle "I"]
[BlackTitle "I"]
[WhiteElo "1831"]
[BlackElo "1644"]

1. e4 c5 2. Nf3 d6 3. d4 cxd4 4. Nxd4 Nf6 5. Nc3 g6 6. Be3 Bg7 7. f3 O-O 8. Qd2
Nc6 9. O-O-O d5 10. Nxc6 bxc6 11. Bh6 Bxh6 12. Qxh6 e5 13. Qg5 Qd6 14. h4 Rb8
15. h5 d4 16. Bc4 Nd7 17. Ne2 Nb6 18. Bb3 c5 19. hxg6 Qxg6 20. Qxe5 Nd7 21. Qf4
Qf6 22. Qh2 Qg7 23. Nf4 Ba6 24. Nh5 Qh6+ 25. Kb1 Kh8 26. Qc7 Rb7 27. Qg3 Rg8 28.
Qf2 Qb6 29. Nf4 c4 30. Nd5 Qc5 31. Ba4 Nf8 32. Rh6 c3 33. b3 Bb5 34. Bxb5 Rxb5
35. Qxd4+ Qxd4 36. Rxd4 Rxg2 37. Nxc3 Rc5 38. Kb2 Rf2 39. Rh3 Rc7 40. Rg3 Ng6
41. b4 h5 42. Rd8+ Kh7 43. Rg5 h4 44. Rf5 Kg7 45. Rd1 f6 46. Rh1 Ne5 47. Rg1+
Kf7 48. Rxf6+ Kxf6 49. Nd5+ Kf7 50. Nxc7 h3 51. Nd5 Nxf3 52. Rh1 h2 53. Ne3 Ke6
54. Ng4 Rg2 55. Nxh2 Rxh2 56. Rxh2 Nxh2 57. Kc3 Ng4 58. Kd4 Nf6 59. c4 Ne8 60.
a4 Nc7 61. b5 Kd7 62. a5 a6 63. Kc5 Ne6+ 64. Kb6 axb5 65. cxb5 Kc8 66. e5 Kb8
67. a6 Nd4 68. Kc5 Nf5 69. b6 Ne7 70. e6 Nc8 71. Kc6 Ne7+ 72. Kd7 1-0

[Event "Druzynowe Mistrzostwa Polski Juniorow - I Liga 2023"]
[Site "Lublin"]
[Date "1899-12-30"]
[Round "2.22"]
[White "Karwot, Marek"]
[Black "Gruca, Karol"]
[Result "1-0"]
[WhiteTitle "II+"]
[BlackTitle "II+"]
[WhiteElo "1594"]
[BlackElo "1484"]

1. e4 c5 2. Nf3 g6 3. d4 cxd4 4. Nxd4 Bg7 5. c4 Nc6 6. Be3 Nf6 7. Nc3 d6 8. Be2
O-O 9. O-O h5 10. h3 Nxd4 11. Bxd4 b6 12. Rc1 Bb7 13. Qd3 Rc8 14. f4 e6 15. e5
Ne8 16. b3 dxe5 17. fxe5 Qg5 18. Ne4 Qh4 19. Bf3 Rd8 20. Qe3 Bxe4 21. Bxe4 Bh6
22. Qxh6 Rxd4 23. Bxg6 fxg6 24. Rxf8# 1-0

[Event "Druzynowe Mistrzostwa Polski Juniorow - I Liga 2023"]
[Site "Lublin"]
[Date "1899-12-30"]
[Round "2.23"]
[White "Bar, Klaudia"]
[Black "Bugaj, Hanna"]
[Result "0-1"]
[WhiteTitle "I++"]
[BlackTitle "I++"]
[WhiteElo "1840"]
[BlackElo "1657"]

1. e4 c5 2. Nf3 Nc6 3. d4 cxd4 4. Nxd4 Nf6 5. Nc3 d6 6. Bg5 g6 7. f3 Bg7 8. Nxc6
bxc6 9. Qd2 Be6 10. Be2 Rb8 11. Rb1 O-O 12. O-O Nd7 13. Be3 Qc7 14. f4 f5 15.
exf5 Bxf5 16. g4 Be6 17. b3 Nf6 18. g5 Nd5 19. Nxd5 Bxd5 20. Bg4 e5 21. f5 gxf5
22. Bxf5 Kh8 23. c4 Rxf5 24. Rxf5 Be4 25. Rbf1 Bxf5 26. Rxf5 Rf8 27. Rxf8+ Bxf8
28. Qf2 Bg7 29. h4 Qd7 30. Bxa7 c5 31. Bxc5 dxc5 32. Qxc5 e4 33. Qd5 Bd4+ 34.
Kf1 Qh3+ 35. Ke2 Qf3+ 36. Kd2 Qd3+ 37. Kc1 Qc3+ 38. Kd1 Qa1+ 39. Ke2 Qxa2+ 40.
Kf1 Qf2# 0-1

[Event "Druzynowe Mistrzostwa Polski Juniorow - I Liga 2023"]
[Site "Lublin"]
[Date "1899-12-30"]
[Round "2.24"]
[White "Rduch, Diana"]
[Black "Branka, Julia"]
[Result "0-1"]
[WhiteTitle "I"]
[BlackTitle "I"]
[WhiteElo "1129"]
[BlackElo "1433"]

1. e4 c5 2. a3 g6 3. b4 Bg7 4. Nc3 b6 5. Nf3 Bb7 6. e5 Nc6 7. e6 dxe6 8. b5 Nd4
9. Be2 Nf6 10. O-O O-O 11. Rb1 Qd6 12. h3 Rfd8 13. a4 Nd5 14. Ne4 Qd7 15. a5 Nf4
16. Nxd4 Qxd4 17. d3 Bxe4 18. dxe4 Qxe4 19. Bf3 Rxd1 20. Bxe4 Ne2+ 21. Kh2 Rxf1
22. Bxa8 Rxc1 23. Rb3 Rxc2 24. axb6 axb6 25. Ra3 Be5+ 26. g3 Nxg3 27. Kg2 Nf5
28. Bc6 Rc1 29. Ra4 g5 0-1

[Event "Druzynowe Mistrzostwa Polski Juniorow - I Liga 2023"]
[Site "Lublin"]
[Date "1899-12-30"]
[Round "2.25"]
[White "Malik, Maciej"]
[Black "Dziendziel, Mateusz"]
[Result "1-0"]
[WhiteTitle "k"]
[BlackTitle "I++"]
[WhiteElo "2045"]
[BlackElo "2091"]

1. e4 c5 2. d4 cxd4 3. c3 dxc3 4. Nxc3 d6 5. Bc4 e6 6. Nf3 Be7 7. O-O Nf6 8. Qe2
Nc6 9. Rd1 Qc7 10. Bf4 Ne5 11. Nb5 Qb8 12. Nxd6+ Bxd6 13. Rxd6 Qxd6 14. Bxe5 Qb6
15. Bd4 Qa5 16. Bc3 Qc5 17. a3 Bd7 18. Ne5 Rc8 19. Bd3 Ba4 20. Nc4 Rd8 21. Bb4
Qd4 22. Nd6+ Rxd6 23. Bxd6 Qxd6 24. e5 Qb6 25. exf6 gxf6 26. Qg4 Bc6 27. Qg7 Rf8
28. Qxf6 Rg8 29. g3 Qb3 30. Be2 Qd5 31. f3 Qc5+ 32. Kf1 Rg5 33. Rd1 Rd5 34. Rxd5
Bxd5 35. h4 Qc2 36. Bb5+ Bc6 37. Bxc6+ Qxc6 38. Kg2 Qc2+ 39. Kh3 Qd3 40. h5 b5
41. Kh4 a5 42. g4 b4 43. axb4 axb4 44. Kg5 b3 45. Kh6 Kf8 46. f4 Ke8 47. Kg7 Qe2
48. Qxf7+ Kd8 49. Qf6+ Kc8 50. g5 Qxh5 51. Qxe6+ Kd8 52. Qf6+ 1-0

[Event "Druzynowe Mistrzostwa Polski Juniorow - I Liga 2023"]
[Site "Lublin"]
[Date "1899-12-30"]
[Round "2.26"]
[White "Herwy, Jakub"]
[Black "Kotowicz, Kamil"]
[Result "1/2-1/2"]
[WhiteTitle "I++"]
[BlackTitle "I"]
[WhiteElo "1826"]
[BlackElo "1814"]

1. Nf3 d5 2. c4 c6 3. b3 Nf6 4. Bb2 Bg4 5. e3 e6 6. Be2 Nbd7 7. O-O Bd6 8. d3 O-O
9. Nbd2 Qe7 10. e4 dxe4 11. dxe4 e5 12. h3 Bxf3 13. Bxf3 Rad8 14. Qc2 Rfe8 15.
Rac1 b6 16. Rfd1 Nf8 17. Nf1 g6 18. Ne3 h5 19. h4 Bc5 20. Rxd8 Rxd8 21. Rd1 Bd4
22. g3 Ne6 23. Bg2 Kh7 24. Bc1 Bc5 25. Rxd8 Qxd8 26. Kf1 a5 27. Qd2 Qxd2 28. Bxd2
Nd4 29. Bc3 Ne8 30. Ke1 Kg7 31. Kd2 Kf6 32. Kd3 Ke6 33. f4 f6 34. fxe5 fxe5 35.
Bh3+ Kd6 36. Bg2 Ng7 37. Be1 Nge6 38. Nc2 Nxc2 39. Kxc2 Bd4 40. Bh1 Kc5 41. Bg2
Kd6 42. Bh1 Nc5 43. Bf3 Na6 44. g4 hxg4 45. Bxg4 Nc5 46. Bf3 Ke6 47. Bg4+ Kf6
48. Bf3 Bg1 49. Bg3 Ne6 50. Kd3 Bd4 51. Kc2 Nc5 1/2-1/2

[Event "Druzynowe Mistrzostwa Polski Juniorow - I Liga 2023"]
[Site "Lublin"]
[Date "1899-12-30"]
[Round "2.27"]
[White "Pycinski, Wladyslaw"]
[Black "Baran, Szymon"]
[Result "1-0"]
[WhiteTitle "I"]
[BlackTitle "II+"]
[WhiteElo "1927"]
[BlackElo "1343"]

1. Nf3 Nf6 2. c4 e6 3. e3 d5 4. Nc3 c6 5. Be2 Be7 6. O-O O-O 7. b3 Nbd7 8. d4 b6
9. Bb2 Bb7 10. Qc2 Rc8 11. Rad1 h6 12. e4 dxe4 13. Nxe4 Nxe4 14. Qxe4 Nf6 15.
Qb1 Qc7 16. Qa1 Rfd8 17. Rfe1 c5 18. h3 Ne8 19. dxc5 Bxc5 20. Ne5 f6 21. Nf3 Qc6
22. Nh4 Qc7 23. Bd4 Bxd4 24. Rxd4 Rxd4 25. Qxd4 Qc5 26. Qd7 Qc6 27. Rd1 Qxd7 28.
Rxd7 Rc7 29. Rd8 Rc8 30. Rd2 Rc6 31. Bg4 f5 32. Rd8 Rc8 33. Rxc8 Bxc8 34. Bf3
Nd6 35. Bc6 Bb7 36. Bxb7 Nxb7 37. Nf3 Kf7 38. Nd4 a6 39. Nc6 b5 40. f4 g5 41.
cxb5 axb5 42. g3 gxf4 43. gxf4 Nd6 44. Kf2 Ne4+ 45. Ke3 Ke8 46. Nd4 Nc3 47. Nxe6
Kf7 48. Nd4 b4 49. Nxf5 Nxa2 50. Kd4 Kg6 51. Ne3 Nc1 52. Kc4 h5 53. f5+ Kf6 54.
Kxb4 Nd3+ 55. Kc4 Ne5+ 56. Kd5 Nd3 57. Kd4 Nb4 58. Ke4 1-0

[Event "Druzynowe Mistrzostwa Polski Juniorow - I Liga 2023"]
[Site "Lublin"]
[Date "1899-12-30"]
[Round "2.28"]
[White "Figa, Karolina"]
[Black "Czeremcha, Piotr"]
[Result "1-0"]
[WhiteTitle "I++"]
[BlackTitle "II"]
[WhiteElo "1391"]
[BlackElo "1442"]

1. d4 Nf6 2. c4 g6 3. Nc3 Bg7 4. e4 d6 5. Nf3 O-O 6. Be2 e5 7. O-O Nbd7 8. d5 h6
9. b4 Nh7 10. Nd2 f5 11. Nb3 Ndf6 12. f3 f4 13. c5 g5 14. Ba3 h5 15. Rc1 g4 16.
cxd6 cxd6 17. Kh1 g3 18. Nb5 Ng5 19. Nc7 Rb8 20. b5 Ne8 21. Ne6 Nxe6 22. dxe6
Qh4 23. h3 Kh7 24. Bc4 Rf6 25. Bxd6 Rxe6 26. Bxb8 Rg6 27. Bg8+ Kh6 28. Rxc8 Nf6
29. Qd8 Rg5 30. Nc5 Ng4 31. Ne6 Nf2+ 32. Kg1 Nxh3+ 33. gxh3 g2 34. Rd1 Qg3 35.
Qxg5+ 1-0

[Event "Druzynowe Mistrzostwa Polski Juniorow - I Liga 2023"]
[Site "Lublin"]
[Date "1899-12-30"]
[Round "2.29"]
[White "Tim, Anna"]
[Black "Obrochta, Lena"]
[Result "0-1"]
[WhiteTitle "I"]
[BlackTitle "I++"]
[WhiteElo "1254"]
[BlackElo "1639"]

1. e4 c5 2. Nf3 e6 3. d4 cxd4 4. Nxd4 Nc6 5. Be3 Nf6 6. Bd3 Qc7 7. O-O a6 8. c4
Be7 9. Nc3 d6 10. Rc1 b6 11. f3 Ne5 12. Qd2 Bb7 13. Rfd1 Rc8 14. b3 O-O 15. Bf1
Qb8 16. Na4 Ned7 17. b4 Bd8 18. Nb3 Bc7 19. Qf2 d5 20. exd5 Bxh2+ 21. Kh1 Bg3
22. Qd2 exd5 23. Nxb6 Nxb6 24. Bxb6 Qe5 25. Bd3 Qh5+ 26. Kg1 Qh2+ 27. Kf1 Qh1+
28. Bg1 dxc4 29. Bxc4 Nh5 30. Nd4 Bf4 31. Qf2 Ng3+ 32. Ke1 Rxc4 33. Rxc4 Re8+
34. Ne2 Qxg1+ 35. Qxg1 Rxe2# 0-1

[Event "Druzynowe Mistrzostwa Polski Juniorow - I Liga 2023"]
[Site "Lublin"]
[Date "1899-12-30"]
[Round "2.30"]
[White "Strzoda, Natalia"]
[Black "Kochanowska, Patrycja"]
[Result "1-0"]
[WhiteTitle "I"]
[BlackTitle "I+"]
[WhiteElo "1294"]
[BlackElo "1454"]

1. e4 c5 2. Nf3 e6 3. d4 cxd4 4. Nxd4 a6 5. Be3 Nf6 6. Nd2 Qc7 7. f4 d6 8. Qf3
Be7 9. Rg1 b5 10. g4 Bb7 11. Bd3 Nbd7 12. g5 Ng8 13. Qh5 g6 14. Qg4 e5 15. N4f3
f6 16. f5 fxg5 17. Nxg5 Ngf6 18. Qh3 Nf8 19. fxg6 Nxg6 20. Ne6 Qd7 21. Rxg6 hxg6
22. Qxh8+ Kf7 23. Ng5# 1-0

[Event "Druzynowe Mistrzostwa Polski Juniorow - I Liga 2023"]
[Site "Lublin"]
[Date "1899-12-30"]
[Round "2.31"]
[White "Gradalski, Olaf"]
[Black "Sidorczuk, Pawel"]
[Result "1-0"]
[WhiteTitle "k"]
[BlackTitle "I+"]
[WhiteElo "2061"]
[BlackElo "2013"]

1. d4 Nf6 2. c4 g6 3. Nc3 Bg7 4. e4 d6 5. h3 O-O 6. Be3 e5 7. d5 a5 8. g4 Na6 9.
Nge2 h5 10. f3 Nh7 11. gxh5 Qh4+ 12. Bf2 Qxh5 13. Ng3 Qh4 14. Nf5 Qd8 15. Nxg7
Kxg7 16. f4 exf4 17. Qf3 c5 18. dxc6 bxc6 19. O-O-O c5 20. Qxf4 Qf6 21. Be3 Rd8
22. Qh6+ Kh8 23. Nd5 Qg7 24. Qh4 Be6 25. Bh6 Qe5 26. Bd2 Qh5 27. Bc3+ Kg8 28.
Qxh5 gxh5 29. Rg1+ Kf8 30. Rg7 Bxd5 31. exd5 1-0

[Event "Druzynowe Mistrzostwa Polski Juniorow - I Liga 2023"]
[Site "Lublin"]
[Date "1899-12-30"]
[Round "2.32"]
[White "Smetek, Michal"]
[Black "Sputowski, Jakub"]
[Result "1-0"]
[WhiteTitle "I++"]
[BlackTitle "I"]
[WhiteElo "1956"]
[BlackElo "1780"]

1. d4 d5 2. c4 e6 3. Nf3 c5 4. cxd5 exd5 5. g3 Nc6 6. Bg2 Nf6 7. O-O Be7 8. dxc5
Bxc5 9. a3 O-O 10. b4 Bb6 11. Bb2 Bg4 12. Nc3 Re8 13. Na4 Qe7 14. Nxb6 axb6 15.
e3 Ne4 16. h3 Be6 17. Nd2 Nd6 18. Rc1 Nc4 19. Nxc4 dxc4 20. Qh5 Red8 21. Qb5 Rd2
22. Bc3 Ra2 23. Qxb6 Ra6 24. Qb5 R2xa3 25. Rfd1 h6 26. Qh5 Ra8 27. b5 Na5 28.
Qe5 Qg5 29. h4 Qxe5 30. Bxe5 Nb3 31. Rc2 Bg4 32. Rd6 Na5 33. Be4 Be6 34. Kg2 Rb3
35. Rb6 Re8 36. Bc3 Ra3 37. Bd4 Bh3+ 38. Kxh3 Rxe4 39. Bc3 Re8 40. Bxa5 Rxa5 41.
Rxc4 Re5 42. Rxb7 Raxb5 43. Rc8+ Kh7 44. Rxf7 Rb6 45. Rcc7 Rg6 46. Rce7 Ra5 47.
f4 h5 48. f5 Rg4 49. f6 Kh6 50. Rxg7 Rb4 51. Rg5 Ra1 52. Ree5 Rb2 53. Rxh5+ Kg6
54. Ref5 Rh1+ 55. Kg4 Rb8 56. Rhg5+ Kh7 57. Rg7+ Kh6 58. Rh5# 1-0

[Event "Druzynowe Mistrzostwa Polski Juniorow - I Liga 2023"]
[Site "Lublin"]
[Date "1899-12-30"]
[Round "2.33"]
[White "Liskiewicz, Jakub"]
[Black "Ladon, Tymoteusz"]
[Result "1-0"]
[WhiteTitle "I++"]
[BlackTitle "II"]
[WhiteElo "1970"]
[BlackElo "1336"]

1. d4 Nf6 2. Bg5 g6 3. Bxf6 exf6 4. e3 Bg7 5. Ne2 O-O 6. g3 d5 7. Bg2 Bf5 8. Nd2
Nc6 9. a3 Re8 10. O-O Ne7 11. c4 Bd3 12. Rc1 f5 13. cxd5 Nxd5 14. Bxd5 Bxe2 15.
Bxf7+ Kxf7 16. Qxe2 c6 17. Qc4+ Kf8 18. Nb3 Rc8 19. Nc5 Qe7 20. Qb4 b6 21. Ne6+
Kf7 22. Qxe7+ Rxe7 23. Nxg7 Kxg7 24. Rc4 Kf6 25. Rfc1 Rec7 26. f3 Ke6 27. b4 Kd6
28. Kf2 a6 29. e4 Rf8 30. e5+ Kd5 31. Ke3 g5 32. a4 f4+ 33. Ke2 fxg3 34. hxg3
Rcf7 35. R1c3 Rc7 36. a5 c5 37. axb6 Rb7 38. Rxc5+ Ke6 39. Rc6+ Kd5 40. Rd6# 1-0

[Event "Druzynowe Mistrzostwa Polski Juniorow - I Liga 2023"]
[Site "Lublin"]
[Date "1899-12-30"]
[Round "2.34"]
[White "Iwan, Patryk"]
[Black "Przybylski, Jan"]
[Result "0-1"]
[WhiteTitle "II"]
[BlackTitle "I+"]
[WhiteElo "1247"]
[BlackElo "1767"]

1. e4 e5 2. Nf3 Nc6 3. d4 exd4 4. Nxd4 Nf6 5. Nc3 Bb4 6. Nxc6 bxc6 7. Bd3 d5 8.
exd5 cxd5 9. O-O O-O 10. Bg5 Be6 11. Qf3 Be7 12. Bf5 h6 13. Bxf6 Bxf6 14. Rad1
c6 15. Na4 Qc8 16. Bxe6 fxe6 17. Qg4 c5 18. Rfe1 Re8 19. Re2 Rb8 20. b3 c4 21.
Rde1 cxb3 22. cxb3 e5 23. Qxc8 Rbxc8 24. f3 Kf7 25. Nb2 Ke6 26. Nd1 Kd6 27. Ne3
Rc5 28. Rd1 Ke6 29. b4 Rb5 30. a4 Rxb4 31. Nxd5 Rc4 32. f4 e4 33. Red2 Rec8 34.
Nxf6 gxf6 35. Rd4 Kf5 36. g3 Kg4 37. Kg2 Rc2+ 38. R1d2 Rxd2+ 39. Rxd2 Rc4 40.
Ra2 a5 41. h3+ Kf5 42. Ra3 h5 43. Ra2 Rb4 44. Kf2 h4 45. gxh4 Kxf4 46. h5 Rb3
47. Kg2 Rg3+ 48. Kh2 Rg5 49. Rf2+ Ke5 50. Rb2 f5 51. h6 Rh5 52. Kg3 f4+ 53. Kg4
Rxh6 54. Rb5+ Kd4 55. Kxf4 Rxh3 56. Rxa5 Rf3+ 57. Kg4 Rf8 58. Ra7 e3 59. Re7 Kd3
60. a5 Rf6 61. Rd7+ Kc2 62. Rc7+ Kd2 63. Rd7+ Ke1 64. a6 Rxa6 65. Rd3 e2 66. Kg3
Rg6+ 67. Kf4 Rf6+ 68. Kg3 Kf1 69. Re3 e1=Q+ 0-1

[Event "Druzynowe Mistrzostwa Polski Juniorow - I Liga 2023"]
[Site "Lublin"]
[Date "1899-12-30"]
[Round "2.35"]
[White "Mroz, Lena"]
[Black "Pastuszko, Katarzyna"]
[Result "1-0"]
[WhiteTitle "I++"]
[BlackTitle "I++"]
[WhiteElo "1691"]
[BlackElo "1312"]

1. e4 e5 2. Nf3 Nc6 3. Bb5 Nge7 4. Nc3 g6 5. d4 exd4 6. Nd5 Bg7 7. Bg5 h6 8. Bf6
Bxf6 9. Nxf6+ Kf8 10. Qd2 Kg7 11. Nxd4 Kxf6 12. Qc3 Ne5 13. f4 Kg7 14. Nf3 d5
15. O-O-O Rf8 16. exd5 Bg4 17. Nxe5 f6 18. Nxg4 a6 19. Be2 b5 20. Bf3 Rb8 21.
Rhe1 b4 22. Qc5 Nc8 23. Re6 Rb5 24. Qe3 a5 25. Re1 a4 26. Re8 Rxe8 27. Qxe8 Qxe8
28. Rxe8 Rb8 29. d6 cxd6 30. Bd5 Rb5 31. Rg8+ 1-0

[Event "Druzynowe Mistrzostwa Polski Juniorow - I Liga 2023"]
[Site "Lublin"]
[Date "1899-12-30"]
[Round "2.36"]
[White "Dabrowska, Ewa"]
[Black "Lajdamik, Kinga"]
[Result "0-1"]
[WhiteTitle "I"]
[BlackTitle "I++"]
[WhiteElo "1185"]
[BlackElo "1440"]

1. e4 e5 2. Nc3 Nc6 3. Bc4 Nf6 4. d3 h6 5. f4 d6 6. Nf3 a6 7. a3 Be7 8. O-O Bg4
9. h3 Bh5 10. Qe1 Qd7 11. Be3 Rf8 12. f5 Bxf3 13. Rxf3 Nh7 14. Qg3 Bf6 15. Nd5
Bg5 16. c3 Ne7 17. d4 Nxd5 18. Bxd5 c6 19. Ba2 Bxe3+ 20. Rxe3 exd4 21. cxd4 Rg8
22. Rf1 O-O-O 23. Rc1 g6 24. fxg6 Rxg6 25. Qf2 Rdg8 26. g4 Rf6 27. Qe2 Ng5 28.
d5 c5 29. b4 Rf4 30. bxc5 Nxh3+ 31. Rxh3 Rfxg4+ 32. Kh2 Rg2+ 33. Qxg2 Rxg2+ 34.
Kxg2 Qg4+ 35. Kh2 Qf4+ 36. Rg3 Qxc1 37. cxd6 Qb2+ 38. Rg2 Qe5+ 39. Kg1 Qxe4 40.
Rg8+ Kd7 41. Rb8 Qe1+ 42. Kg2 Qd2+ 43. Kg3 Qxa2 44. Rxb7+ Kxd6 45. Rxf7 Qxa3+
46. Rf3 Qxf3+ 47. Kxf3 Kxd5 48. Kg4 a5 49. Kh5 a4 50. Kxh6 a3 0-1

[Event "Druzynowe Mistrzostwa Polski Juniorow - I Liga 2023"]
[Site "Lublin"]
[Date "1899-12-30"]
[Round "2.37"]
[White "Maciaszek, Karol"]
[Black "Jaskiewicz, Kacper"]
[Result "1/2-1/2"]
[WhiteTitle "I"]
[BlackTitle "I+"]
[WhiteElo "1731"]
[BlackElo "2006"]

1. d4 d5 2. Bf4 Nf6 3. e3 e6 4. Nd2 c5 5. c3 Nc6 6. Ngf3 Be7 7. Bd3 cxd4 8. exd4
a6 9. O-O Bd7 10. Re1 Rc8 11. Ne5 Qb6 12. Qb3 Qa7 13. Ndf3 Na5 14. Qd1 b5 15.
Ng5 Rf8 16. Qe2 Nc4 17. Nxh7 Nxh7 18. Bxh7 g5 19. Bc1 Nxe5 20. Qxe5 b4 21. Bd2
Qb6 22. Bd3 Rg8 23. cxb4 Bd6 24. Qf6 Be7 25. Qe5 Bd6 26. Qf6 Be7 27. Qe5 Bd6 1/2-1/2

[Event "Druzynowe Mistrzostwa Polski Juniorow - I Liga 2023"]
[Site "Lublin"]
[Date "1899-12-30"]
[Round "2.38"]
[White "Rylski, Tadeusz"]
[Black "Rajlich, Vaclav"]
[Result "1-0"]
[WhiteTitle "I+"]
[BlackTitle "I"]
[WhiteElo "1757"]
[BlackElo "1572"]

1. e4 c5 2. Nf3 Nc6 3. d4 cxd4 4. Nxd4 g6 5. c4 Bg7 6. Be3 Nf6 7. Nc3 O-O 8. Be2
d6 9. O-O Bd7 10. Qd2 Nxd4 11. Bxd4 Bc6 12. f3 a5 13. b3 Nd7 14. Be3 Nc5 15. Rab1
Qb6 16. Nd5 Bxd5 17. exd5 Qb4 18. Qc1 f5 19. a3 Qc3 20. Qxc3 Bxc3 21. Rfc1 Bg7
22. b4 axb4 23. axb4 Na4 24. Rb3 f4 25. Bf2 Rfc8 26. c5 Nb6 27. Bb5 Rc7 28. Re1
Nc8 29. h3 Ra1 30. Rxa1 Bxa1 31. c6 bxc6 32. Bxc6 Na7 33. Bb6 Rxc6 34. dxc6 Nxc6
35. b5 Nd4 36. Bxd4 Bxd4+ 37. Kf1 Bb6 38. Ra3 Kf7 39. Ra6 Bc7 40. b6 1-0

[Event "Druzynowe Mistrzostwa Polski Juniorow - I Liga 2023"]
[Site "Lublin"]
[Date "1899-12-30"]
[Round "2.39"]
[White "Kisiel, Dominik"]
[Black "Terkiewicz, Bruno"]
[Result "0-1"]
[WhiteTitle "II"]
[BlackTitle "I++"]
[WhiteElo "1343"]
[BlackElo "1873"]

1. d4 d5 2. c4 e6 3. cxd5 exd5 4. Nc3 c6 5. Nf3 Bd6 6. e3 Bf5 7. Bd3 Bxd3 8. Qxd3
Nf6 9. O-O O-O 10. Bd2 Nbd7 11. a3 Re8 12. Rab1 Qe7 13. b4 a6 14. Ne2 Nb6 15.
Qb3 Nc4 16. Bc1 Ne4 17. Nc3 f5 18. a4 b5 19. Nxe4 fxe4 20. Nd2 Qh4 21. g3 Qh3
22. Nxc4 bxc4 23. Qb2 Rab8 24. f4 Rxb4 25. Qc2 Rxb1 26. Qxb1 Rb8 27. Qa2 h5 28.
Rf2 Rb3 29. Rg2 Qg4 30. Qc2 Rd3 31. Rf2 h4 32. Kg2 Be7 33. Qb2 Rb3 34. Qe2 h3+
35. Kf1 Qxe2+ 36. Rxe2 Rb1 37. Re1 Bb4 38. Bd2 Rxe1+ 39. Kxe1 c3 40. Bc1 c2+ 41.
Kf2 Kf7 42. g4 g5 43. f5 Bd6 44. Kg1 c5 45. Kf2 cxd4 46. exd4 Bf4 47. Ba3 Bxh2
48. a5 Bf4 49. f6 c1=Q 50. Bxc1 Bxc1 51. Kg3 e3 52. Kxh3 e2 53. Kg2 e1=Q 54. Kf3
Qe4+ 55. Kf2 Qxd4+ 56. Kg3 Bf4+ 0-1

[Event "Druzynowe Mistrzostwa Polski Juniorow - I Liga 2023"]
[Site "Lublin"]
[Date "1899-12-30"]
[Round "2.40"]
[White "Rutkowski, Feliks"]
[Black "Bombinski, Michal"]
[Result "1-0"]
[WhiteTitle "II"]
[BlackTitle "II"]
[WhiteElo "1431"]
[BlackElo "1248"]

1. e4 e5 2. Nf3 Nc6 3. Bc4 Be7 4. d4 d6 5. d5 Nb8 6. h3 Nf6 7. Bd3 h5 8. c4 a5
9. Nc3 O-O 10. Be3 Nbd7 11. a3 Nh7 12. h4 Nhf6 13. b4 axb4 14. axb4 Rxa1 15. Qxa1
Ng4 16. Bg5 f6 17. Bd2 g6 18. Qa3 f5 19. Bg5 Ndf6 20. c5 dxc5 21. bxc5 b6 22.
Bxf6 Rxf6 23. d6 cxd6 24. Nd5 Rf8 25. cxb6 Bb7 26. Qb3 Kh8 27. Nc7 Qd7 28. Ne6
Rf6 29. Neg5 Qc6 30. O-O fxe4 31. Nxe4 Rf4 32. Qe6 Qe8 33. Nxd6 Qf8 34. Nxb7 Rf6
35. Qd5 Rxb6 36. Nxe5 Nxe5 37. Qxe5+ Bf6 38. Qc7 Re6 39. Bxg6 Re7 40. Qc6 Qg7
41. Qc8+ Qg8 42. Qxg8+ Kxg8 43. Rb1 Bxh4 44. Bxh5 Rh7 45. Bf3 Be7 46. Rc1 Kf7
47. g3 Kf6 48. Kg2 Ke6 49. Nc5+ Ke5 50. Nd3+ Kd4 51. Nf4 Bg5 52. Ne6+ Ke5 53.
Nxg5 1-0

[Event "Druzynowe Mistrzostwa Polski Juniorow - I Liga 2023"]
[Site "Lublin"]
[Date "1899-12-30"]
[Round "2.41"]
[White "Kicinska, Magdalena"]
[Black "Lukasik, Zuzanna"]
[Result "1/2-1/2"]
[WhiteTitle "I++"]
[BlackTitle "I++"]
[WhiteElo "1562"]
[BlackElo "1712"]

1. d4 d5 2. Nf3 Nf6 3. c4 e6 4. g3 c5 5. Bg2 Nc6 6. O-O Be7 7. e3 O-O 8. Nbd2 b6
9. b3 Bb7 10. Bb2 Qc7 11. Rc1 Nb4 12. Ba3 a5 13. Ra1 Rfd8 14. Bb2 Rac8 15. a3
Nc6 16. Rc1 Nd7 17. Nb1 Ba6 18. Qc2 Qb7 19. Rfd1 cxd4 20. Nxd4 Nxd4 21. exd4 Qb8
22. Qe2 Nf6 23. Nd2 Qd6 24. Qe5 dxc4 25. Qxd6 Bxd6 26. Nxc4 Bxc4 27. bxc4 Be7
28. Kf1 Rc7 29. d5 exd5 30. Bxd5 Nxd5 31. Rxd5 Rdc8 32. Bd4 Rc6 33. a4 h6 34.
Rb5 Rxc4 35. Rxc4 Rxc4 36. Bxb6 Rxa4 37. Rxa5 Re4 38. Be3 Kh7 39. Kg2 Bf6 40.
Kf3 Rc4 41. Rc5 1/2-1/2